Bảo hiểm xã hội : 327
Trong số này bao gồm các chủ đề tin tức, sự kiện; quan điểm - định hướng; theo dòng sự kiện, nhìn lại & hướng tới, trên lộ trình BHYT toàn dân, trang BHXH tỉnh Bắc Ninh, nghiên cứu - rao đổi, thực tiển- kinh nghiệm, phóng sự xã hội, nhì...
Na minha lista:
| Formato: | Livro |
|---|---|
| Idioma: | Vietnamese |
| Publicado em: |
H.
Bảo hiểm xã hội Việt Nam
2017
|
| Assuntos: | |
| Tags: |
Adicionar Tag
Sem tags, seja o primeiro a adicionar uma tag!
|
| Thư viện lưu trữ: | Thư viện Trường Đại học Nam Cần Thơ |
|---|
| LEADER | 01158nam a22002177a 4500 | ||
|---|---|---|---|
| 001 | NCT_112600 | ||
| 008 | 220309b xxu||||| |||| 00| 0 vie d | ||
| 999 | |c 5728 |d 5728 | ||
| 022 | |a 1859-2562 | ||
| 041 | |a vie | ||
| 082 | 0 | 4 | |2 23rd ed. |a 344.59702 |b B108H |
| 245 | 0 | 0 | |a Bảo hiểm xã hội : |n 327 |c Bảo hiểm xã hội Việt Nam |
| 260 | |a H. |b Bảo hiểm xã hội Việt Nam |c 2017 | ||
| 300 | |c 28cm | ||
| 310 | |a 02 kỳ 1 tháng | ||
| 362 | |a 08/2017 | ||
| 520 | 3 | |a Trong số này bao gồm các chủ đề tin tức, sự kiện; quan điểm - định hướng; theo dòng sự kiện, nhìn lại & hướng tới, trên lộ trình BHYT toàn dân, trang BHXH tỉnh Bắc Ninh, nghiên cứu - rao đổi, thực tiển- kinh nghiệm, phóng sự xã hội, nhìn ra thế giới, sức khỏe - đời sống. | |
| 655 | |a Tạp chí | ||
| 942 | |2 ddc |c CR | ||
| 952 | |0 0 |1 0 |2 ddc |4 0 |6 344_597020000000000_B108H |7 0 |9 23238 |a 000001 |b 000001 |d 2022-04-22 |o 344.59702 B108H |r 2022-04-22 |w 2022-04-22 |y CR | ||
| 980 | |a Thư viện Trường Đại học Nam Cần Thơ | ||